| 000 | 00634nam a22001937a 4500 | ||
|---|---|---|---|
| 005 | 20251108164810.0 | ||
| 008 | 250721s1993 xx 000 0 ara d | ||
| 082 | 1 | 4 | _a370.956/محم |
| 100 | 1 | _aعبد الله، محمد محمود | |
| 245 | 1 | 0 |
_aمعالم على الطريق : _bكيف نربي أولادنا / |
| 264 | 1 |
_aالرياض : _bدار الشواف للنشر والتوزيع، _c1993. |
|
| 300 | _a75ص | ||
| 650 | 1 | 7 | _aالتربية الإسلامية |
| 650 | 1 | 7 | _aالإسلام |
| 650 | 1 | 7 | _aالآداب الإسلامية |
| 650 | 1 | 7 | _aتنشئة الأطفال |
| 942 |
_2ddc _cBK |
||
| 999 |
_c14628 _d14628 |
||